| 000 | 00422cam a2200193ua 4500 | ||
|---|---|---|---|
| 001 | 8546 | ||
| 005 | 20260515114340.0 | ||
| 008 | 150206n ii |||gr||||Z||||||eng | ||
| 040 | _cMAIN | ||
| 041 | _aeng | ||
| 082 | _a400 | ||
| 100 |
_aBloomfield, L., _eAuthor. |
||
| 245 |
_aLanguage _cBy L. Bloomfield |
||
| 250 | _a1st. | ||
| 260 |
_aDelhi: _bMotilal, _c1975. |
||
| 300 | _a566p. | ||
| 653 | _aLanguage | ||
| 942 | _cBK | ||
| 999 |
_c7641 _d7641 |
||